| 000 | 01919nam a22003257a 4500 | ||
|---|---|---|---|
| 003 | DO-SdBPM | ||
| 005 | 20260128125823.0 | ||
| 007 | ta | ||
| 008 | 210715b2018 dr 00| 0 eng d | ||
| 020 | _a9789945091564 | ||
| 040 |
_aDO-SdBPM _bspa _cBPMSU _drda |
||
| 082 | 4 |
_a265.1 _bC957a 2021 _222 |
|
| 100 | 1 |
_aCruz, José Darío de la _eautor _4aut. |
|
| 245 | 1 | 0 |
_aAquí hay agua : _b¿Qué impide que yo sea bautizado? / _cJosé Darío de la Cruz ; edición Manolo Patrocino ; prólogo Elvis Samuel Medina. |
| 260 | _c | ||
| 264 |
_aSanto Domingo : _bEditora Búho, _c2021 |
||
| 300 |
_a124 páginas ; _c22 cm. |
||
| 336 |
_atexto _btxt _2rdacontent |
||
| 337 |
_asin mediación _bn _2rdamedia |
||
| 338 |
_avolumen _bnc _2rdacarrier |
||
| 500 | _aIncluye datos biográficos del autor en la solapa de la cubierta | ||
| 504 | _aBibliografía : páginas 123-124 | ||
| 505 | 2 | _aDedicatoria, 11.-- Agradecimientos, 13.-- Prólogo / Elvis Samuel Medina, 15.-- Introducción, 19.--La iglesia bautizando, 23.-- La iglesia, 29.-- Los beneficios del bautismo, 35.-- El bautismo: las experiencias de los apóstoles, 39.-- Las enseñanzas de Pablo sobre el bautismo, 43.-- El bautismo en los escritos de Pedro, 49.-- El bautismo en los escritos de Juan, 53.-- Niveles de conocimiento sobre el bautismo, 57.-- El bautismo en la Era Patrística, 61.-- El bautismo en la Era de la Reforma, 67.-- El bautismo en la Era contemporánea, 71.-- Valores espirituales generados por el bautismo, 81.-- El bautismo en las iglesias de América Latina, 89.-- El bautismo cristiano en las iglesias evangélicas de la República Dominicana, 95.-- Aquí hay agua, 99.-- La pregunta del Eunuco, 109.-- Matrimonio vs. Bautismo, 115. | |
| 590 | _aInventariado, 2026 /VM | ||
| 650 | 7 | _aBautismo | |
| 650 | 7 | _aSacramentos | |
| 700 | 1 |
_aMedina, Elvis Samuel, _eprólogo |
|
| 910 | _aVMateo V. Control de calidad BPMSU | ||
| 942 |
_2ddc _cBK |
||
| 999 |
_c15637 _d15637 |
||